Vista normal
Vista MARC
Entrada Materia (tema)
Número de registros utilizados en: 1
001 - CONTROL NUMBER
- control field: 175806
003 - CONTROL NUMBER IDENTIFIER
- control field: Co-BoUCM
005 - DATE AND TIME OF LATEST TRANSACTION
- control field: 20220926110347.0
008 - FIXED-LENGTH DATA ELEMENTS
- fixed length control field: 220926|| aca||aabn | a|a d
040 ## - CATALOGING SOURCE
- Original cataloging agency: Co-BoUCM
- Transcribing agency: Co-BoUCM
150 ## - HEADING--TOPICAL TERM
- Topical term or geographic name as entry element: Arte latinoamericano
- Form subdivision: Exposiciones itinerantes
- Form subdivision: Catálogos
670 ## - SOURCE DATA FOUND
- Source citation: Work cat.: (Co-BoUCM): 175801 Museo de Arte de Filadelfia, Revelaciones, 2007